000 00482nam a2200181Ia 4500
001 17241
005 20260306170410.0
008 260306t2008||||xx |||||||||||||| ||und||
041 _aESP
082 _a657.61
_bA93
100 _aAyala Zavala, Pascual [1952-...]
_eAUT
245 0 _aProyecto de plan contable general empresarial:
_banálisis y comentarios
260 _c2008
300 _a219 páginas :
_c24 cm.
650 _aGEN
654 _aCCO
942 _cLIB
_dJUS
_fJUS
_2ddc
_n
999 _c17241
_d17241